000 03920nab a2200337 i 4500
003 BR-BrBNA
005 20241024145134.0
008 241024b2019 bl.|r|pooa||| 00| 0 eng |
040 _aBR-BrBNA
_beng
072 _aL73
_b5120
100 _aRibeiro, G.
100 _aBelli, C.B.
100 _aMachado, T.S.L.
100 _aSouza, V.A.F.
100 _aSilva, L.C.L.C.
245 _aOccurrence of gastric ulcers and serum gastrin levels in jumping horses
500 _aPublicação online; 22 ref.; 2 illus.; Summaries (En, Pt)
520 _a ABSTRACT - The aim of this study was to determine the occurrence of EGUS and to quantify serum gastrin levels in jumping horses during competition season and interseason period. Forty jumping horses, competing at high level were randomly allocated into two groups, the Training Group: twenty jumping horses undergoing intense training and participating in competitions, and the Rest Group: twenty jumping horses in the interseason (resting period). The gastroscopic examinations and blood samples of the horses in the training group were performed 1-2 days following the competition while in the horses of the rest group, following 4 weeks of rest. The serum gastrin levels were measured at two different times: prefeeding and two hours after feeding the horses (postprandial) by ELISA kit. Gastric lesion score data were compared by the Mann-Whitney U test (α= 0.05) and the mean gastrin values were compared between the groups and between the two moments by the paired tet tests, respectively (α= 0, 05). Squamous gastric ulcers were detected in 42.5% of all jumping horses examined independent of the period, competition season or interseason. Serum gastrin levels were significantly higher in the Training Group with no difference between pre-feeding and postprandial values. Keywords: horses, gastric ulcers, gastrin
520 _a RESUMO - O objetivo deste estudo foi determinar a ocorrência de EGUS e quantificar os níveis séricos de gastrina em cavalos de hipismo durante a época de competições e o período de férias. Quarenta cavalos de hipismo de alta performance foram aleatoriamente distribuídos em dois grupos, grupo treinamento: vinte cavalos de hipismo submetidos a treinamento intenso e participando de competições, e grupo descanso: vinte cavalos de hipismo em férias (período de descanso). As avaliações gastroscópicas e as coletas de sangue dos cavalos em treinamento foram realizadas um ou dois dias após as competições, enquanto nos cavalos do grupo descanso foram realizadas após quatro semanas de repouso. Os níveis séricos de gastrina foram mensurados por kit de ELISA, em dois momentos: antes da alimentação e duas horas após. Os dados de escore das lesões gástricas foram comparados pela prova U de Mann-Whitney (α= 0,05) e os valores médios de gastrina foram comparados entre os grupos e entre os dois momentos pelos testes t e t pareado, respectivamente (α= 0,05). Foram encontradas úlceras gástricas em 42,5% de todos os cavalos examinados, independentemente do período de competições ou repouso. Os níveis séricos de gastrina foram significativamente maiores no grupo treinamento, sem diferença entre os períodos pré e pós-alimentação. Palavras-chave: cavalos, úlceras gástricas, gastrina
650 _aCAVALO
650 _aÚLCERA
650 _aDOENÇA ANIMAL
650 _aLESÃO
650 _aAPARELHO DIGESTIVO
650 _aGASTRINA
650 _aVETERINÁRIA
773 0 _01643
_9345608
_dBelo Horizonte-MG Universidade Federal de Minas Gerais - Escola de Veterinaria 1983
_o2024-6240
_tArquivo Brasileiro de Medicina Veterinária e Zootecnia (Brazil)
_x0102-0935
_gv. 71(2) p. 357-362; (2019)
_wBR2023002952
856 _uhttps://www.scielo.br/j/abmvz/a/TgZhsLC3RBNLM9mGp5kCkQc/?format=pdf&lang=en
942 _cANA
999 _c328258
_d328258